=LDR 00000nam 2200000 4500 =001 INLIS000000000042630 =005 20140710141108.0 =006 =007 =008 Ind =035 ##$$a 0010-101300000000552 =041 ##$$a Ind =082 ##$$a 617.967 47 =090 ##$$a 617.967 47, Ari b =100 ##$$a Arif Muttaqin =245 ##$$a Buku saku gangguan muskuloskeletal : aplikasi pada praktik klinik keperawatan, Arif Muttaqin; editor, NS Pamilih Eko, Karyuni dan Monica Ester =260 ##$$a 2011 $b Jakarta =300 ##$$a xxiii, 641 hlm., ilus, 20 cm =650 ##$$a Muskuloskeletal =700 ##$$a NS. Pamilih Eko Karyuni =850 ##$$a NBPNMAT =990 ##$$a 21400613/BPAP-NTB/20142014 =990 ##$$a 21400613/BPAP-NTB/20142014 =990 ##$$a 21400613/BPAP-NTB/20142014 =990 ##$$a 21400613/BPAP-NTB/20142014 =990 ##$$a 21400613/BPAP-NTB/20142014 =990 ##$$a 21400613/BPAP-NTB/20142014 =990 ##$$a 21400613/BPAP-NTB/20142014